| 000 | 00423pab a2200157 454500 | ||
|---|---|---|---|
| 008 | 180718b1998 xxu||||| |||| 00| 0 eng d | ||
| 100 | _aEmmel, N.D. | ||
| 245 | _aHealth-for-all for 21st century: demise of primary health care | ||
| 260 | _c1998 | ||
| 300 | _ap.577-80 | ||
| 362 | _a14 Mar | ||
| 650 | _aHealth services - India | ||
| 650 | _aHealth services | ||
| 773 | _aEconomic and Political Weekly | ||
| 909 | _a37104 | ||
| 999 |
_c37104 _d37104 |
||